Normal view
MARC view
- العقود التجارية -- قوانين وتشريعات -- مصر-- الإفلاس -- قوانين وتشريعات -- مصر
Entry Topical Term
001 - CONTROL NUMBER
- control field: 32319
003 - CONTROL NUMBER IDENTIFIER
- control field: JO-AjAnu
005 - DATE AND TIME OF LATEST TRANSACTION
- control field: 20230606075431.0
008 - FIXED-LENGTH DATA ELEMENTS
- fixed length control field: 230606|| aca||aabn | a|a d
040 ## - CATALOGING SOURCE
- Original cataloging agency: JO-AjAnu
- Transcribing agency: JO-AjAnu
150 ## - HEADING--TOPICAL TERM
- Topical term or geographic name entry element: العقود التجارية -- قوانين وتشريعات -- مصر-- الإفلاس -- قوانين وتشريعات -- مصر
670 ## - SOURCE DATA FOUND
- Source citation: Work cat.: (JO-AjAnu)16601: البهنساوي، صفوت, author 32318, العقود التجارية والإفلاس وفقا لأحكام قانون التجارية الجديد